| 000 | 00800amm a2200277 4500 | ||
|---|---|---|---|
| 005 | 20240920134741.0 | ||
| 007 | cr |||||||| | ||
| 008 | 240920s2001 o d cat d | ||
| 041 | _acat | ||
| 041 | _bspa | ||
| 041 | _beng | ||
| 100 |
_aFigueras, Eva _975202 |
||
| 245 |
_aVocabulari del gravat calcogràfic _h[en línia] _cEva Figueras Ferrer |
||
| 260 |
_aBarcelona _bUniversitat de Barcelona _c2001 |
||
| 300 |
_a60 p. _b1 document PDF |
||
| 500 | _aCategoria gramatical, sinònims, remissions | ||
| 500 | _aÍndexs | ||
| 520 | _a243 | ||
| 546 | _acatalà | ||
| 592 | _aObra terminològica | ||
| 593 | _aUC | ||
| 650 | 0 |
_agravat _961656 |
|
| 856 | _uhttps://diposit.ub.edu/dspace/bitstream/2445/5101/1/glossari.pdf | ||
| 942 |
_cMO _n0 _2ddc |
||
| 999 |
_c69050 _d69050 |
||